000 01614nam a2200325 4500
001 185
003 OSt
005 20250528074014.0
008 250131b |||||||e |||| 00| 1 eng d
020 _a9788565530361
040 _bpor
041 _heng
_apor
082 _a813
_bD273t
100 1 _aDay, Sylvia
_d1973-
_9345
240 _aBared to you
245 _aToda sua /
_cDay, Sylvia ; Tradução de Alexandre Boide
260 _aSão Paulo
_bParalela
_c2013
300 _a334 p.
490 1 _aCrossfire
_vLivro 01
500 _aToda sua
520 _aEva Tramell tem 24 anos e acaba de conseguir um emprego em uma das maiores agências de publicidade dos Estados Unidos. Tudo parece correr de acordo com o plano, até que ela conhece o jovem bilionário Gideon Cross, o homem mais sexy que ela - e provavelmente qualquer outra pessoa - já viu. Gideon imediatamente se interessa por Eva, que faz tudo o que pode para resistir à tentação. Mas ele é lindo, forte, rico, bem-sucedido, poderoso e sempre consegue o que quer - Eva acaba se entregando. Uma relação intensa começa. O sexo é considerado por eles como incrível. Capaz de levar os dois a extremos a que jamais tinham chegado. E, então, eles se apaixonam - o que pode ser tanto a chave para um futuro feliz quanto a faísca que trará de volta os traumas do passado.
650 0 _aLiteratura Americana
_984
650 0 _aAmor e Paixão
_925
650 0 _aErótico
_9305
655 0 _aRomance
_923
655 0 _aFicção
_922
700 _aAlexandre Boidi
_eTradutor
_9248
830 _aCrossfire
_vLivro 01
_9346
942 _2ddc
_n0
_cBK
999 _c185
_d185